00707 2200277 4500001002100000005001700021008004100038020001800079035002400097082001100121090002100132100002900153245004200182250001100224260003100235300002400266500002600290650001700316850001500333980001500348985000600363999001500369999001500384999001500399999001500414YOGYA-0209000002364520090227023807.0 ind  a979-413-422-8 0010-020900000023645 a634.65 a634.65bSan SlT aSANTOSO, Hieronymus Budi aSalak pondohcHieronymus Budi Santoso aCet. 1 aYogyakartabKanisiusc1990 a60 hlmbilusc21 cm aBibliografi : hlm. 60 aSalak (Buah) aYOPDYOG(B) a02-23-2007 a4 a06A0013525 a06A0013526 a06A0013527 a06A0013528